| 000 | 00408nam a22001457a 4500 | ||
|---|---|---|---|
| 005 | 20250815135222.0 | ||
| 008 | 250815b |||||||| |||| 00| 0 eng d | ||
| 020 | _a046442606646 | ||
| 050 |
_aR 123 _bMED |
||
| 245 |
_aTHE MEDICAL & HEALTH SCIENCES WORD BOOK _cCompiled by ANN ROE-HAFER |
||
| 250 | _a3rd ed. | ||
| 260 |
_aBOSTON _bHOUGHTON MIFFLIN COMPANY _cc1992 |
||
| 300 | _ax,; 431p; | ||
| 942 |
_2lcc _cREF _n0 |
||
| 999 |
_c7281 _d7281 |
||